Business Intelligence Data Warehousing Simplified: 500 Questions, Answers and Tips. (Record no. 137)

MARC details
005 - DATE AND TIME OF LATEST TRANSACTION
control field 20250616171116.0
020 ## - INTERNATIONAL STANDARD BOOK NUMBER
International Standard Book Number 978-1-936420-32-2
082 ## - DEWEY DECIMAL CLASSIFICATION NUMBER
Classification number 004 KHA
100 ## - MAIN ENTRY--PERSONAL NAME
Author name KHAN, A
245 ## - TITLE STATEMENT
Title Business Intelligence Data Warehousing Simplified: 500 Questions, Answers and Tips.
260 ## - PUBLICATION, DISTRIBUTION, ETC.
Place of publication, distribution, etc. New Delhi,
Name of publisher, distributor, etc. Mercury Learning and Information LLC,
Date of publication, distribution, etc. 2012.
300 ## - PHYSICAL DESCRIPTION
Extent xxiv, 296p.: ill.; table
Other physical details Index.
Dimensions 23cm.
942 ## - ADDED ENTRY ELEMENTS (KOHA)
Source of classification or shelving scheme Dewey Decimal Classification
Koha item type Books
Holdings
Date last seen Total checkouts Full call number Barcode Cost, replacement price Price effective from Koha item type Lost status Source of classification or shelving scheme Damaged status Not for loan Withdrawn status Home library Current library Shelving location Date acquired Cost, normal purchase price
03/06/2025   004 KHA 000000310 323400.00 03/06/2025 Books   Dewey Decimal Classification       College of Business Education Main Library College of Business Education Main Library General Collection 03/06/2025 107800.00
03/06/2025   004 KHA 000000311 323400.00 03/06/2025 Books   Dewey Decimal Classification       College of Business Education Main Library College of Business Education Main Library General Collection 03/06/2025 107800.00
03/06/2025   004 KHA 000000312 323400.00 03/06/2025 Books   Dewey Decimal Classification       College of Business Education Main Library College of Business Education Main Library General Collection 03/06/2025 107800.00